| 000 | 00627cam a22002053a 4500 | ||
|---|---|---|---|
| 001 | 40577 | ||
| 003 | PGUSA | ||
| 005 | 20140828083915.0 | ||
| 008 | 120825s2012||||xxu|||||s|||||000 | eng d | ||
| 040 |
_aPGUSA _beng |
||
| 042 | _adc | ||
| 100 | 1 |
_aAmbrus, Zoltán, _d1861-1932 |
|
| 245 | 1 | 2 |
_aA Berzsenyi-leányok tizenkét vőlegénye : _bTollrajzok a mai Budapestről _h[electronic resource] / _cZoltán Ambrus |
| 260 |
_bProject Gutenberg, _c2012 |
||
| 506 | _aPublic domain in the USA. | ||
| 516 | _aElectronic text | ||
| 830 | 0 |
_aProject Gutenberg _v40577 |
|
| 856 | 4 | 0 | _uhttp://www.gutenberg.org/ebooks/40577 |
| 942 | _cEB | ||
| 999 |
_c269830 _d269830 |
||